000 00440nam a2200181Ia 4500
001 8279
005 20260306160557.0
008 260306t1996||||xx |||||||||||||| ||spa||
041 _aESP
082 _a370.1523
_bL69
100 _aLizárraga Febres, Jesús
_eAUT
245 0 _aEstrategias de enseñanza aprendizaje
260 _c1996
300 _a138 páginas :
_c19 cm.
650 _aGEN
654 _aCED
942 _cLIB
_dJUS
_fJUS
_2ddc
_n
999 _c8279
_d8279